000 00743 a2200193 4500
003 Nust
005 20221215141157.0
010 _a 79132186
020 _a0877280258
040 _cNust
082 0 0 _a133.5, NOR
100 1 _aNorris, A. G. S.
_9104977
245 1 0 _aTranscendental astrology,
_cby A. G. S. Norris.
260 _aNew York,
_bS. Weiser,
_c1970.
300 _a288, p.;
_billus.
_c24 cm.
505 _aPrinciple And Tabulation Of Values (Page-21), Planetary Symbolism (Page-52), The Seven World (Page-106), The Lesson Of The Sign (Page-119), Linking The Soul To The Astrogical Chart (Page-191), Rules For Scientific Delineation (Page-224), An Example Delineation (Page-244).
650 0 _aAstrology.
_946383
942 _2ddc
_cBK
999 _c188519
_d188519